[Event "Qatar Masters Open 2014"]
[Site "Doha QAT"]
[Date "2014.11.29"]
[Round "4.22"]
[White "Akopian, Vladimir"]
[Black "Gao, Rui"]
[Result "1-0"]
[WhiteElo "2657"]
[BlackElo "2523"]
[PlyCount "103"]
[EventDate "2014.11.26"]
[EventType "swiss"]
[EventRounds "9"]
[EventCountry "QAT"]
[Source "lmi"]
[SourceDate "2014.11.26"]

1. e4 c5 2. Nf3 d6 3. d4 cxd4 4. Nxd4 Nf6 5. Nc3 a6 6. Be3 e5 7. Nb3 Be6 8. f3
Be7 9. Qd2 O-O 10. O-O-O Nbd7 11. g4 b5 12. Rg1 Nb6 13. Na5 Rc8 14. g5 Nh5 15.
Kb1 Qc7 16. Nd5 Bxd5 17. exd5 Nxd5 18. Qxd5 Qxa5 19. Rg4 g6 20. h4 Qc7 21. c3
Rb8 22. Bd3 Qb7 23. Be4 Qxd5 24. Bxd5 Kg7 25. a4 f6 26. axb5 axb5 27. Re1 fxg5
28. hxg5 Bd8 29. Kc2 Nf4 30. Rxf4 Rxf4 31. Bxf4 exf4 32. Re8 h6 33. Rg8+ Kh7
34. gxh6 Kxh6 35. Be4 d5 36. Bxd5 Bc7 37. Rxb8 Bxb8 38. b4 g5 39. Bc6 g4 40.
fxg4 Kg5 41. Bxb5 Kxg4 42. c4 f3 43. c5 Kf4 44. Kd3 Ke5 45. Bc6 f2 46. Bg2 Ba7
47. Kc4 Ke6 48. Bh3+ Ke7 49. Kb5 f1=B+ 50. Bxf1 Kd7 51. Bg2 Kc7 52. Ka6 1-0

[Event "Qatar Masters Open 2014"]
[Site "Doha QAT"]
[Date "2014.11.29"]
[Round "4.23"]
[White "Donchenko, Alexander"]
[Black "Mamedov, Rauf"]
[Result "1/2-1/2"]
[WhiteElo "2523"]
[BlackElo "2652"]
[PlyCount "84"]
[EventDate "2014.11.26"]
[EventType "swiss"]
[EventRounds "9"]
[EventCountry "QAT"]
[Source "lmi"]
[SourceDate "2014.11.26"]

1. d4 Nf6 2. Nf3 g6 3. c4 Bg7 4. g3 c6 5. Bg2 d5 6. b3 O-O 7. O-O Ne4 8. Bb2
Bf5 9. e3 a5 10. Nc3 Nxc3 11. Bxc3 Be4 12. Bh3 e6 13. Qe2 Bxf3 14. Qxf3 Nd7 15.
Qe2 f5 16. f3 Re8 17. Rad1 a4 18. Rfe1 axb3 19. axb3 Qb6 20. Qb2 dxc4 21. bxc4
Qxb2 22. Bxb2 Ra2 23. Bc3 Rea8 24. Rc1 R8a3 25. Bb4 Ra4 26. Rb1 e5 27. Red1
exd4 28. exd4 Ra1 29. Rxa1 Rxa1 30. Rxa1 Bxd4+ 31. Kg2 Bxa1 32. g4 c5 33. Ba3
Bd4 34. gxf5 g5 35. Kg3 Kf7 36. f4 gxf4+ 37. Kxf4 Be5+ 38. Kg5 Nf6 39. Bg2 b6
40. Bc1 Kg7 41. Bc6 Bxh2 42. Bb2 h6+ 1/2-1/2

[Event "Qatar Masters Open 2014"]
[Site "Doha QAT"]
[Date "2014.11.29"]
[Round "4.24"]
[White "Efimenko, Zahar"]
[Black "Antipov, Mikhail Al"]
[Result "1/2-1/2"]
[WhiteElo "2644"]
[BlackElo "2520"]
[PlyCount "61"]
[EventDate "2014.11.26"]
[EventType "swiss"]
[EventRounds "9"]
[EventCountry "QAT"]
[Source "lmi"]
[SourceDate "2014.11.26"]

1. e4 c5 2. Nc3 d6 3. f4 Nc6 4. Nf3 g6 5. Bb5 Bd7 6. O-O Bg7 7. d3 e6 8. f5
exf5 9. exf5 Bxf5 10. Bg5 f6 11. Bf4 Nge7 12. Ne4 Nc8 13. Ng3 Bd7 14. Bc4 Ne5
15. Bb3 Qb6 16. Kh1 Ne7 17. d4 cxd4 18. Nxd4 d5 19. Be3 Qc7 20. Nge2 O-O 21.
Nf4 Qd6 22. Nde2 Kh8 23. Nxd5 Bg4 24. Ndc3 Qa6 25. Bc5 Rad8 26. Qe1 Rfe8 27.
Ng3 N7c6 28. Qe4 b6 29. Bg1 Qc8 30. Qf4 Be6 31. Rad1 1/2-1/2

[Event "Qatar Masters Open 2014"]
[Site "Doha QAT"]
[Date "2014.11.29"]
[Round "4.25"]
[White "Ivanisevic, Ivan"]
[Black "Al-Sayed, Mohammed"]
[Result "1-0"]
[WhiteElo "2643"]
[BlackElo "2507"]
[PlyCount "109"]
[EventDate "2014.11.26"]
[EventType "swiss"]
[EventRounds "9"]
[EventCountry "QAT"]
[Source "lmi"]
[SourceDate "2014.11.26"]

1. d4 Nf6 2. c4 g6 3. f3 Bg7 4. e4 d6 5. Ne2 c5 6. d5 O-O 7. Nec3 e6 8. Be2
exd5 9. cxd5 Nh5 10. O-O Re8 11. g4 Nf6 12. Kh1 Na6 13. Na3 Nc7 14. Bf4 Bf8 15.
Qd2 a6 16. Nc2 b5 17. b4 cxb4 18. Nxb4 Bb7 19. a4 bxa4 20. Nxa4 a5 21. Nc6 Bxc6
22. dxc6 Ne6 23. Bg3 Qc7 24. Rfc1 h5 25. g5 h4 26. Bf2 Nh5 27. Nb6 Nc5 28. Nxa8
Rxa8 29. Bc4 Qxc6 30. Bd5 Qc8 31. e5 Ra7 32. exd6 Bxd6 33. Qc2 Nf4 34. Bxc5 Rc7
35. Qe4 Nxd5 36. Qxd5 Rxc5 37. Rxc5 Qxc5 38. Qxc5 Bxc5 39. Rxa5 Be3 40. Kg2 Bf4
41. h3 Kg7 42. Kf1 Kg8 43. Ke2 Kg7 44. Kd3 Bc1 45. Rb5 Bf4 46. Ke4 Bd2 47. f4
Kg8 48. Rb7 Kg7 49. Rd7 Be1 50. f5 gxf5+ 51. Kxf5 Kg8 52. Rd1 Bf2 53. Kf6 Be3
54. Rd8+ Kh7 55. Rf8 1-0

[Event "Qatar Masters Open 2014"]
[Site "Doha QAT"]
[Date "2014.11.29"]
[Round "4.27"]
[White "Vovk, Andrey"]
[Black "Belyakov, Bogdan"]
[Result "1-0"]
[WhiteElo "2640"]
[BlackElo "2456"]
[PlyCount "85"]
[EventDate "2014.11.26"]
[EventType "swiss"]
[EventRounds "9"]
[EventCountry "QAT"]
[Source "lmi"]
[SourceDate "2014.11.26"]

1. g3 Nf6 2. Bg2 d6 3. d4 Nc6 4. c4 g6 5. Nc3 Bg7 6. d5 Ne5 7. f4 Ned7 8. e4 c6
9. Be3 O-O 10. h3 Qa5 11. Nge2 Nb6 12. Qd3 e6 13. dxe6 Bxe6 14. b3 Qa6 15. Rd1
Rad8 16. O-O Qa5 17. Bd4 Ne8 18. Bf2 f5 19. e5 Rd7 20. exd6 Rxd6 21. Qe3 Bf7
22. Rxd6 Nxd6 23. c5 Re8 24. Qd3 Ne4 25. Bxe4 fxe4 26. Nxe4 Nc8 27. Bd4 Rd8 28.
Qe3 Rxd4 29. Nxd4 Ne7 30. Nf3 Qxa2 31. Nd6 Nd5 32. Qd3 Qa3 33. Nxf7 Qxc5+ 34.
Kh2 Kxf7 35. f5 Qe3 36. fxg6+ hxg6 37. Ng5+ Kg8 38. Qxg6 Qe2+ 39. Kg1 Qe3+ 40.
Kh1 Nf6 41. Rxf6 Qc1+ 42. Kg2 Qc2+ 43. Qxc2 1-0

[Event "Qatar Masters Open 2014"]
[Site "Doha QAT"]
[Date "2014.11.29"]
[Round "4.29"]
[White "Safarli, Eltaj"]
[Black "Abdumalik, Zhansaya"]
[Result "1-0"]
[WhiteElo "2628"]
[BlackElo "2332"]
[PlyCount "111"]
[EventDate "2014.11.26"]
[EventType "swiss"]
[EventRounds "9"]
[EventCountry "QAT"]
[Source "lmi"]
[SourceDate "2014.11.26"]

1. e4 e5 2. Bc4 Nf6 3. Nc3 Bc5 4. d3 h6 5. h3 Nc6 6. Nf3 d6 7. Na4 Bb6 8. Nxb6
axb6 9. c3 O-O 10. O-O Na5 11. Bb5 Be6 12. Ba4 Nc6 13. Re1 Ne7 14. Nh4 Ng6 15.
Nxg6 fxg6 16. d4 Qe7 17. Bb3 Kh7 18. f3 Nh5 19. Be3 Nf4 20. Bxe6 Qxe6 21. dxe5
Qxe5 22. Bxf4 Rxf4 23. Qd4 Qg5 24. Kh2 Ra5 25. Re2 h5 26. Qf2 h4 27. Rd2 Qf6
28. a3 Rg5 29. Rf1 Rg3 30. Qd4 Qe7 31. Qd5 Qf8 32. e5 Rg5 33. Re2 Rff5 34. Re4
Rh5 35. Qc4 Qe7 36. exd6 Qxd6+ 37. Kg1 b5 38. Qb4 Qb6+ 39. Qd4 c5 40. Qf2 Qf6
41. Rd1 Rf4 42. Re8 Re5 43. Rb8 Qe7 44. Rdd8 g5 45. Re8 Qd6 46. Rxe5 Qxe5 47.
Rxb7 c4 48. Qc2+ Kg8 49. Qd2 Rf6 50. Rd7 Re6 51. Rd4 Qg3 52. Re4 Rg6 53. Re8+
Kh7 54. Qd5 Rd6 55. Qf5+ Rg6 56. Re6 1-0

[Event "Qatar Masters Open 2014"]
[Site "Doha QAT"]
[Date "2014.11.29"]
[Round "4.30"]
[White "Christiansen, Johan-Sebastian"]
[Black "L'Ami, Erwin"]
[Result "0-1"]
[WhiteElo "2310"]
[BlackElo "2618"]
[PlyCount "74"]
[EventDate "2014.11.26"]
[EventType "swiss"]
[EventRounds "9"]
[EventCountry "QAT"]
[Source "lmi"]
[SourceDate "2014.11.26"]

1. Nf3 Nf6 2. c4 c6 3. g3 d5 4. Bg2 dxc4 5. O-O b5 6. d3 cxd3 7. Ne5 Bb7 8.
Nxd3 e6 9. Qc2 Be7 10. Rd1 O-O 11. a4 a6 12. Be3 Qc8 13. Bc5 Bxc5 14. Nxc5 Nfd7
15. Ne4 Qc7 16. Nd6 Nf6 17. Nc3 b4 18. Nce4 Nd5 19. Ng5 g6 20. Nge4 Nd7 21.
Rac1 Rad8 22. Nxb7 Qxb7 23. Qxc6 Qxc6 24. Rxc6 a5 25. Nc5 Ne5 26. Rxe6 Ne3 27.
Bd5 fxe6 28. Bxe6+ Kg7 29. Rxd8 Rxd8 30. fxe3 Rd2 31. b3 Rxe2 32. Nb7 Nf3+ 33.
Kf1 Rxe3 34. Bd5 Nd2+ 35. Kf2 Re5 36. Bc4 Nxc4 37. bxc4 b3 0-1

[Event "Qatar Masters Open 2014"]
[Site "Doha QAT"]
[Date "2014.11.29"]
[Round "4.31"]
[White "Khotenashvili, Bela"]
[Black "Sargissian, Gabriel"]
[Result "1-0"]
[WhiteElo "2504"]
[BlackElo "2687"]
[PlyCount "149"]
[EventDate "2014.11.26"]
[EventType "swiss"]
[EventRounds "9"]
[EventCountry "QAT"]
[Source "lmi"]
[SourceDate "2014.11.26"]

1. d4 Nf6 2. c4 e6 3. g3 c5 4. d5 exd5 5. cxd5 d6 6. Nc3 g6 7. Bg2 Bg7 8. Nf3
O-O 9. O-O Re8 10. Nd2 a6 11. a4 Nbd7 12. h3 Rb8 13. Nc4 Ne5 14. Na3 Nh5 15. e4
Bd7 16. g4 b5 17. axb5 axb5 18. gxh5 b4 19. f4 bxa3 20. Rxa3 Nc4 21. Ra2 Rb4
22. hxg6 hxg6 23. Qf3 Qh4 24. Ra7 Bc8 25. Nd1 Qd8 26. f5 Ne5 27. Qg3 Qb6 28.
Ra8 Rb3 29. Nc3 Qb7 30. Ra3 Rxa3 31. bxa3 Qe7 32. fxg6 Nxg6 33. Nb5 Ba6 34. a4
Bxb5 35. axb5 Rb8 36. Bg5 Bd4+ 37. Kh1 Qe5 38. Bf4 Qxf4 39. Rxf4 Be5 40. Bf1
Bxf4 41. Qa3 c4 42. Bxc4 Nf8 43. e5 Bxe5 44. Bd3 Nd7 45. Qa7 Rd8 46. Qc7 Bf6
47. b6 Nc5 48. b7 Nxb7 49. Qxb7 Re8 50. Kg2 Re3 51. Bf5 Re5 52. Bg4 Be7 53. h4
Kg7 54. h5 Kh6 55. Bf3 Kg7 56. Qb4 Rf5 57. Qe4 Re5 58. Qf4 Bg5 59. Qg4 Kh6 60.
Kf2 Kg7 61. Qc4 Bf6 62. Be2 Bg5 63. Ke1 Bf6 64. Kd2 Bg5+ 65. Kc3 Rf5 66. Qe4
Rf4 67. Qg2 Kh6 68. Kb3 Rd4 69. Qf3 Rf4 70. Qg3 Rf6 71. Kc4 Bf4 72. Qg8 Be5 73.
Qh8+ Kg5 74. Qg7+ Kf4 75. Kd3 1-0

[Event "Qatar Masters Open 2014"]
[Site "Doha QAT"]
[Date "2014.11.29"]
[Round "4.32"]
[White "Bartel, Mateusz"]
[Black "Xu, Jun"]
[Result "0-1"]
[WhiteElo "2662"]
[BlackElo "2523"]
[PlyCount "50"]
[EventDate "2014.11.26"]
[EventType "swiss"]
[EventRounds "9"]
[EventCountry "QAT"]
[Source "lmi"]
[SourceDate "2014.11.26"]

1. e4 c5 2. Nf3 d6 3. d4 cxd4 4. Nxd4 Nf6 5. Nc3 Nc6 6. Bc4 Bd7 7. Bb3 g6 8. f3
Nxd4 9. Qxd4 Bg7 10. Bg5 O-O 11. Qe3 b5 12. a3 a5 13. O-O Rb8 14. Rfd1 a4 15.
Ba2 b4 16. axb4 Rxb4 17. e5 dxe5 18. Qa7 Rd4 19. Rxd4 exd4 20. Qxd4 a3 21. bxa3
Ng4 22. Qc5 Bxc3 23. Rd1 Ba5 24. Rb1 Nf6 25. h4 Bc7 0-1

[Event "Qatar Masters Open 2014"]
[Site "Doha QAT"]
[Date "2014.11.29"]
[Round "4.33"]
[White "Ankit, R. Rajpara"]
[Black "Kuzubov, Yuriy"]
[Result "1/2-1/2"]
[WhiteElo "2494"]
[BlackElo "2661"]
[PlyCount "92"]
[EventDate "2014.11.26"]
[EventType "swiss"]
[EventRounds "9"]
[EventCountry "QAT"]
[Source "lmi"]
[SourceDate "2014.11.26"]

1. d4 f5 2. g3 Nf6 3. Bg2 g6 4. Nf3 Bg7 5. O-O O-O 6. b3 Ne4 7. Bb2 c5 8. c4
Nc6 9. e3 e6 10. Nc3 d5 11. Rc1 cxd4 12. exd4 dxc4 13. Nxe4 fxe4 14. Ne5 cxb3
15. axb3 e3 16. fxe3 Rxf1+ 17. Qxf1 Bxe5 18. dxe5 Bd7 19. Rd1 Qe7 20. Qf6 Qxf6
21. exf6 Be8 22. Bh3 Rd8 23. Rxd8 Nxd8 24. e4 Kf7 25. e5 Bc6 26. Bc3 Bd5 27. b4
a6 28. Bf1 Bc6 29. Kf2 Bb5 30. Bg2 Bc6 31. Bh3 Bb5 32. Ke3 b6 33. Kf4 h6 34.
Ke3 Nc6 35. Bg2 Nd8 36. Be4 Bc6 37. Bc2 Bb5 38. h4 Nc6 39. g4 g5 40. h5 Nb8 41.
Bd4 Nd7 42. Be4 Kf8 43. Bc3 Kf7 44. Bd4 Kf8 45. Bc3 Kf7 46. Bd4 Kf8 1/2-1/2

[Event "Qatar Masters Open 2014"]
[Site "Doha QAT"]
[Date "2014.11.29"]
[Round "4.34"]
[White "Aravindh, Chithambaram Vr"]
[Black "Rakhmanov, Aleksandr"]
[Result "1/2-1/2"]
[WhiteElo "2485"]
[BlackElo "2636"]
[PlyCount "130"]
[EventDate "2014.11.26"]
[EventType "swiss"]
[EventRounds "9"]
[EventCountry "QAT"]
[Source "lmi"]
[SourceDate "2014.11.26"]

1. e4 d5 2. exd5 Qxd5 3. Nc3 Qd6 4. d4 Nf6 5. Bc4 a6 6. Bb3 e6 7. Nge2 b5 8.
Bf4 Qd8 9. d5 c5 10. dxc6 Qxd1+ 11. Nxd1 Nxc6 12. a4 b4 13. a5 Bb7 14. Ne3 Rd8
15. Nc4 Nd5 16. Bg3 Bc5 17. O-O h5 18. h4 Nce7 19. Ba4+ Bc6 20. Bxc6+ Nxc6 21.
Rfd1 Nce7 22. Nb6 f6 23. Rd3 Kf7 24. Rad1 Rde8 25. Nxd5 Nxd5 26. c4 bxc3 27.
Nxc3 Nxc3 28. Rxc3 Bb4 29. Rc6 Bxa5 30. Rd7+ Kg6 31. Rxa6 Bb4 32. Raa7 Rhg8 33.
Rab7 Bf8 34. Bf4 e5 35. Be3 Kf5 36. b4 Rc8 37. g3 Ke6 38. b5 Bc5 39. Bxc5 Rxc5
40. b6 Rb5 41. Rxg7 Rxg7 42. Rxg7 Rxb6 43. Rh7 Kf5 44. Rxh5+ Kg4 45. Rh8 Kh3
46. Kf1 Rb1+ 47. Ke2 Kg2 48. h5 Rb2+ 49. Ke3 Rb3+ 50. Ke4 Kxf2 51. h6 Re3+ 52.
Kd5 Rd3+ 53. Ke6 Rxg3 54. Rf8 e4 55. h7 Rh3 56. h8=Q Rxh8 57. Rxh8 e3 58. Rh2+
Kf3 59. Kxf6 e2 60. Rh1 Kg2 61. Ra1 Kf3 62. Kf5 Ke3 63. Ke5 Kf2 64. Kf4 e1=R
65. Rxe1 Kxe1 1/2-1/2

[Event "Qatar Masters Open 2014"]
[Site "Doha QAT"]
[Date "2014.11.29"]
[Round "4.35"]
[White "Mchedlishvili, Mikheil"]
[Black "Libiszewski, Fabien"]
[Result "1/2-1/2"]
[WhiteElo "2622"]
[BlackElo "2522"]
[PlyCount "110"]
[EventDate "2014.11.26"]
[EventType "swiss"]
[EventRounds "9"]
[EventCountry "QAT"]
[Source "lmi"]
[SourceDate "2014.11.26"]

1. d4 Nf6 2. c4 g6 3. Nc3 Bg7 4. e4 d6 5. Nf3 O-O 6. Be2 e5 7. O-O Nc6 8. d5
Ne7 9. Ne1 Nd7 10. Be3 f5 11. f3 f4 12. Bf2 g5 13. Rc1 Ng6 14. Nb5 b6 15. b4 a6
16. Nc3 h5 17. c5 bxc5 18. bxc5 Nf6 19. cxd6 cxd6 20. Na4 Rb8 21. Nb6 Bb7 22.
Rc4 Rf7 23. Kh1 Bh6 24. Ra4 a5 25. Bg1 Nh4 26. Nc4 Ra8 27. Qb3 Ba6 28. Rxa5
Bxc4 29. Rxa8 Qxa8 30. Qxc4 g4 31. a4 Bf8 32. Qa6 Qb8 33. Bb5 gxf3 34. gxf3 Rg7
35. Qc6 Rc7 36. Qb6 Qc8 37. Qf2 Qh3 38. Ng2 Ng6 39. Ra1 Ng4 40. fxg4 hxg4 41.
Be8 g3 42. Qf3 Kg7 43. a5 Rc2 44. Bxg6 Kxg6 45. a6 Rf2 46. Qxf2 gxf2 47. a7
fxg1=Q+ 48. Kxg1 f3 49. Ra2 fxg2 50. Rxg2+ Kh5 51. a8=Q Qe3+ 52. Rf2 Qe1+ 53.
Kg2 Qxe4+ 54. Kf1 Qh1+ 55. Ke2 Qe4+ 1/2-1/2

[Event "Qatar Masters Open 2014"]
[Site "Doha QAT"]
[Date "2014.11.29"]
[Round "4.36"]
[White "Georgiadis, Nico"]
[Black "Hamdouchi, Hicham"]
[Result "0-1"]
[WhiteElo "2460"]
[BlackElo "2616"]
[PlyCount "98"]
[EventDate "2014.11.26"]
[EventType "swiss"]
[EventRounds "9"]
[EventCountry "QAT"]
[Source "lmi"]
[SourceDate "2014.11.26"]

1. e4 c5 2. Nf3 d6 3. d4 cxd4 4. Nxd4 Nf6 5. Nc3 a6 6. Be2 e5 7. Nb3 Be7 8. O-O
O-O 9. Kh1 b6 10. f4 Bb7 11. Bf3 Nbd7 12. f5 Rc8 13. Qd3 b5 14. Be3 Nb6 15. Na5
Ba8 16. a4 b4 17. Qxa6 bxc3 18. Bxb6 Qd7 19. b4 Nxe4 20. Qd3 Qxf5 21. b5 d5 22.
Ba7 Qe6 23. Bxe4 dxe4 24. Qe2 Bb4 25. Nb3 f5 26. a5 Bd5 27. b6 Bc4 28. Qf2 Ba6
29. Rfe1 Qc6 30. Qe3 Rcd8 31. b7 Bxb7 32. Qb6 Qxb6 33. Bxb6 Ra8 34. Bc5 Bxc5
35. Nxc5 Bc6 36. a6 Rfc8 37. Reb1 e3 38. a7 e2 39. Kg1 Rd8 40. Kf2 Rd1 41. Rxd1
exd1=Q 42. Rxd1 Rxa7 43. Rd3 Ra3 44. Rd6 Be8 45. Re6 Bg6 46. Nd3 Ra2 47. Nxe5
Rxc2+ 48. Kg3 Re2 49. Kf3 c2 0-1

[Event "Qatar Masters Open 2014"]
[Site "Doha QAT"]
[Date "2014.11.29"]
[Round "4.37"]
[White "Neelotpal, Das"]
[Black "Swiercz, Dariusz"]
[Result "0-1"]
[WhiteElo "2424"]
[BlackElo "2616"]
[PlyCount "94"]
[EventDate "2014.11.26"]
[EventType "swiss"]
[EventRounds "9"]
[EventCountry "QAT"]
[Source "lmi"]
[SourceDate "2014.11.26"]

1. d4 Nf6 2. c4 g6 3. Nc3 d5 4. Nf3 Bg7 5. e3 O-O 6. b4 c6 7. Bb2 Be6 8. cxd5
Nxd5 9. Nxd5 Qxd5 10. a4 Nd7 11. Be2 a5 12. b5 c5 13. O-O Rac8 14. Rc1 Rfd8 15.
Bc4 Qd6 16. Ba3 Bxc4 17. Rxc4 Qb8 18. Qb3 cxd4 19. Rxc8 Rxc8 20. exd4 e6 21.
Rc1 Nb6 22. g3 Rxc1+ 23. Bxc1 Nd5 24. Bd2 Qc7 25. Kf1 b6 26. Ke2 f6 27. Ne1 Kf7
28. Qc2 Qd7 29. Qc4 g5 30. Ng2 h6 31. f4 Bf8 32. fxg5 fxg5 33. Ne3 Bg7 34. Nc2
Ne7 35. Be3 Qb7 36. Kf2 Qh1 37. Qf1 Qxh2+ 38. Qg2 Qxg2+ 39. Kxg2 Nd5 40. Bd2
Kg6 41. g4 h5 42. Kf3 hxg4+ 43. Kxg4 Nf6+ 44. Kf3 g4+ 45. Ke2 Nd5 46. Ne3 Kh5
47. Kd3 Bh6 0-1

[Event "Qatar Masters Open 2014"]
[Site "Doha QAT"]
[Date "2014.11.29"]
[Round "4.38"]
[White "Ganguly, Surya Shekhar"]
[Black "Harika, Dronavalli"]
[Result "1-0"]
[WhiteElo "2615"]
[BlackElo "2505"]
[PlyCount "69"]
[EventDate "2014.11.26"]
[EventType "swiss"]
[EventRounds "9"]
[EventCountry "QAT"]
[Source "lmi"]
[SourceDate "2014.11.26"]

1. d4 Nf6 2. Nf3 d6 3. Nc3 Bf5 4. Nh4 Bd7 5. e4 e5 6. Nf3 Nc6 7. h3 exd4 8.
Nxd4 Be7 9. g4 Nxd4 10. Qxd4 O-O 11. g5 Ne8 12. h4 c5 13. Qd3 Bc6 14. Nd5 Nc7
15. Bf4 Re8 16. O-O-O Bxd5 17. exd5 b5 18. Qg3 Bf8 19. h5 c4 20. Bh3 b4 21. Bf5
Rb8 22. g6 Qf6 23. gxf7+ Qxf7 24. Bg6 Qd7 25. Bxe8 Rxe8 26. Rhe1 Rxe1 27. Rxe1
Nxd5 28. Rd1 Nf6 29. h6 g6 30. Qe3 d5 31. Bg5 Ng4 32. Qd4 Nxh6 33. Qxc4 dxc4
34. Rxd7 Nf7 35. Be7 1-0

[Event "Qatar Masters Open 2014"]
[Site "Doha QAT"]
[Date "2014.11.29"]
[Round "4.39"]
[White "Anton Guijarro, David"]
[Black "Batsiashvili, Nino"]
[Result "0-1"]
[WhiteElo "2607"]
[BlackElo "2442"]
[PlyCount "138"]
[EventDate "2014.11.26"]
[EventType "swiss"]
[EventRounds "9"]
[EventCountry "QAT"]
[Source "lmi"]
[SourceDate "2014.11.26"]

1. d4 d5 2. c4 e6 3. Nc3 Bb4 4. e3 Nf6 5. a3 Bxc3+ 6. bxc3 O-O 7. cxd5 exd5 8.
Bd3 c5 9. Ne2 b6 10. O-O Ba6 11. Bxa6 Nxa6 12. Bb2 Re8 13. Qd3 Nc7 14. dxc5
bxc5 15. c4 dxc4 16. Qxc4 Qd5 17. Rfc1 Qxc4 18. Rxc4 Nd7 19. Nf4 Ne6 20. Nxe6
Rxe6 21. Rd1 Re7 22. h4 Rb8 23. Bc3 h5 24. Ba5 Rb7 25. a4 Re6 26. Rd5 g6 27.
Bc3 Kf8 28. a5 Ke7 29. Rd1 Rb5 30. Kf1 Nf6 31. Rc1 Ne4 32. Be1 Re5 33. R1c2 Nd6
34. Ra4 Re4 35. Rxe4+ Nxe4 36. Ke2 Nd6 37. f3 Kd7 38. e4 Kc6 39. Ke3 Nb7 40.
Kf4 Nxa5 41. Ra2 Kb6 42. Kg5 Nc6 43. Kf6 Rb1 44. Bc3 Rb3 45. Rb2 c4 46. Kxf7 a5
47. Rc2 Kc5 48. Bf6 a4 49. e5 Nd4 50. Ra2 Rb7+ 51. Kxg6 Ra7 52. f4 c3 53. f5 c2
54. Bg5 Kc4 55. e6 Kb3 56. Ra1 Ra6 57. Kxh5 Nxf5 58. e7 Re6 59. Kg4 Nxe7 60. h5
a3 61. h6 a2 62. h7 Ng6 63. Kf5 Rc6 64. Bf6 Rxf6+ 65. Kxf6 Nh8 66. Kg7 Kb2 67.
Rxa2+ Kxa2 68. Kxh8 c1=Q 69. g4 Qh6 0-1

[Event "Qatar Masters Open 2014"]
[Site "Doha QAT"]
[Date "2014.11.29"]
[Round "4.40"]
[White "Sardana, Rishi"]
[Black "Sandipan, Chanda"]
[Result "1/2-1/2"]
[WhiteElo "2415"]
[BlackElo "2603"]
[PlyCount "148"]
[EventDate "2014.11.26"]
[EventType "swiss"]
[EventRounds "9"]
[EventCountry "QAT"]
[Source "lmi"]
[SourceDate "2014.11.26"]

1. e4 e5 2. Nf3 Nc6 3. Bb5 g6 4. c3 a6 5. Ba4 d6 6. d4 Bd7 7. Bg5 Be7 8. Be3
Nf6 9. Bc2 O-O 10. O-O exd4 11. cxd4 Nb4 12. Nc3 Nxc2 13. Qxc2 c6 14. h3 b5 15.
a3 Rc8 16. Bg5 Re8 17. Rad1 d5 18. e5 Nh5 19. Bxe7 Qxe7 20. Qd2 Ng7 21. Ne2 Nf5
22. Nf4 Nh4 23. Nh2 Kh8 24. g3 g5 25. Nh5 Bxh3 26. gxh4 gxh4 27. Kh1 Bxf1 28.
Nf6 Rg8 29. Rxf1 Rg7 30. Qd3 c5 31. Rg1 Rg6 32. Qf5 Rc6 33. dxc5 Qxc5 34. Nhg4
d4 35. Qd7 Rc8 36. e6 h5 37. e7 hxg4 38. e8=Q+ Rxe8 39. Qxe8+ Kg7 40. Nxg4 Qd5+
41. Kh2 d3 42. Ne3 Qf3 43. Qe5+ Kh7 44. Rxg6 Kxg6 45. Qd6+ Kg5 46. Qc5+ f5 47.
Qe7+ Kh5 48. Qh7+ Kg5 49. Qg7+ Kh5 50. Qh8+ Kg5 51. Qd8+ Kh5 52. Kg1 Qe4 53.
Qh8+ Kg6 54. Qg8+ Kh6 55. Qf7 d2 56. Qf6+ Kh5 57. Qh8+ Kg6 58. Qd8 f4 59. Qg8+
Kf6 60. Qd8+ Kf7 61. Qd7+ Kf8 62. Qd6+ Kf7 63. Qd7+ Kf8 64. Qd8+ Kf7 65. Nf1 h3
66. Qd7+ Kf6 67. Qd6+ Kf7 68. Qd7+ Kf6 69. Qd8+ Kf5 70. Qf8+ Kg6 71. Qg8+ Kf6
72. Qd8+ Kf7 73. Qd7+ Kf6 74. Qd8+ Kf7 1/2-1/2

[Event "Qatar Masters Open 2014"]
[Site "Doha QAT"]
[Date "2014.11.29"]
[Round "4.41"]
[White "Nezad, Husein Aziz"]
[Black "Lenderman, Aleksandr"]
[Result "0-1"]
[WhiteElo "2396"]
[BlackElo "2598"]
[PlyCount "60"]
[EventDate "2014.11.26"]
[EventType "swiss"]
[EventRounds "9"]
[EventCountry "QAT"]
[Source "lmi"]
[SourceDate "2014.11.26"]

1. d4 e6 2. c4 b6 3. e4 Bb7 4. Bd3 Bb4+ 5. Bd2 Bxd2+ 6. Qxd2 Ne7 7. Nc3 O-O 8.
Nge2 d6 9. O-O Nd7 10. f4 e5 11. fxe5 dxe5 12. d5 a5 13. Rf3 Nc8 14. Raf1 Nd6
15. Ng3 f6 16. Nh5 g6 17. Qh6 Rf7 18. Ng3 Nc5 19. Be2 Qf8 20. Qh4 Kg7 21. b3
Bc8 22. Kh1 Bd7 23. Nd1 Qe7 24. Ne3 Raf8 25. Ng4 Ncxe4 26. Nxe4 Nxe4 27. Qh6+
Kg8 28. Rh3 Bxg4 29. Bxg4 f5 30. Be2 Qa3 0-1

[Event "Qatar Masters Open 2014"]
[Site "Doha QAT"]
[Date "2014.11.29"]
[Round "4.42"]
[White "Gaponenko, Inna"]
[Black "Hovhannisyan, Robert"]
[Result "0-1"]
[WhiteElo "2381"]
[BlackElo "2591"]
[PlyCount "98"]
[EventDate "2014.11.26"]
[EventType "swiss"]
[EventRounds "9"]
[EventCountry "QAT"]
[Source "lmi"]
[SourceDate "2014.11.26"]

1. e4 e5 2. Nf3 Nc6 3. Bb5 Nf6 4. O-O Nxe4 5. d4 Nd6 6. Bxc6 dxc6 7. dxe5 Nf5
8. Qxd8+ Kxd8 9. h3 Bd7 10. Nc3 h6 11. Bf4 Kc8 12. Rad1 g5 13. Bh2 b6 14. g4
Ng7 15. Ne4 c5 16. Nfd2 Ne6 17. f4 gxf4 18. Bxf4 Kb7 19. Be3 Be8 20. Nf6 Bc6
21. Nh5 Rg8 22. Rxf7 Be8 23. Rf6 Bxh5 24. Rxe6 Rxg4+ 25. hxg4 Bxg4 26. Bxh6
Bxe6 27. Bxf8 Rxf8 28. Re1 Kc6 29. Kg2 Rd8 30. Re2 Bg4 31. Rf2 Kd5 32. Rf4 Kxe5
33. Rf2 Kd5 34. Rf4 Kc6 35. Nc4 Be6 36. Rf6 Kd5 37. b3 Re8 38. Kf2 Kd4 39. Ne3
Kc3 40. Rf3 Kb2 41. a4 Re7 42. Ke1 Bd5 43. Rg3 Be4 44. Kd2 Rd7+ 45. Ke1 Rh7 46.
Nc4+ Kxc2 47. a5 Bd3 48. axb6 cxb6 49. Nd6 Rd7 0-1

[Event "Qatar Masters Open 2014"]
[Site "Doha QAT"]
[Date "2014.11.29"]
[Round "4.43"]
[White "Vazquez, Guillermo"]
[Black "Wen, Yang"]
[Result "1/2-1/2"]
[WhiteElo "2374"]
[BlackElo "2586"]
[PlyCount "83"]
[EventDate "2014.11.26"]
[EventType "swiss"]
[EventRounds "9"]
[EventCountry "QAT"]
[Source "lmi"]
[SourceDate "2014.11.26"]

1. e4 e5 2. Nf3 Nc6 3. Bc4 Nf6 4. d3 h6 5. O-O d6 6. c3 g6 7. d4 Qe7 8. dxe5
Nxe5 9. Nxe5 dxe5 10. Qe2 Bg7 11. a4 O-O 12. a5 Bd7 13. b4 Rfd8 14. f3 Kh8 15.
Nd2 Nh5 16. g3 Bh3 17. Re1 f5 18. exf5 gxf5 19. Nb3 Rd6 20. a6 b5 21. Bxb5 Rg6
22. Kf2 Rf8 23. f4 Nf6 24. Kg1 Ne4 25. Qh5 Qd6 26. Qxh3 exf4 27. Nc5 Bxc3 28.
Nxe4 fxe4 29. Bxf4 Rxf4 30. Red1 Qb6+ 31. Kh1 Rf8 32. Rac1 Bxb4 33. Be2 Bd6 34.
Rf1 Rgf6 35. Rxf6 Rxf6 36. Qh4 Qb2 37. Rf1 Rxf1+ 38. Bxf1 Qc1 39. Qf6+ Kh7 40.
Qf7+ Kh8 41. Qf6+ Kh7 42. Qf7+ 1/2-1/2

[Event "Qatar Masters Open 2014"]
[Site "Doha QAT"]
[Date "2014.11.29"]
[Round "4.44"]
[White "Ju, Wenjun"]
[Black "Xu, Yinglun"]
[Result "1/2-1/2"]
[WhiteElo "2582"]
[BlackElo "2410"]
[PlyCount "64"]
[EventDate "2014.11.26"]
[EventType "swiss"]
[EventRounds "9"]
[EventCountry "QAT"]
[Source "lmi"]
[SourceDate "2014.11.26"]

1. e4 c5 2. Nf3 d6 3. d4 cxd4 4. Nxd4 Nf6 5. Nc3 e6 6. Be3 a6 7. Be2 Nc6 8. Qd2
Bd7 9. f4 b5 10. a3 Be7 11. Nb3 e5 12. f5 Na5 13. Nxa5 Qxa5 14. O-O Bc6 15. Bf3
h6 16. g4 Qd8 17. h4 Nh7 18. Bf2 Rc8 19. Qe1 Nf6 20. Kg2 g6 21. Rd1 Rg8 22. Kh2
Bb7 23. Rg1 Nd7 24. Qe3 g5 25. h5 Nf6 26. Rd3 Kf8 27. Rgd1 Kg7 28. Kh3 Qc7 29.
Be1 Qb8 30. Qe2 Qc7 31. Qe3 Qb8 32. Qe2 Qc7 1/2-1/2